000 00588nam a2200193Ia 4500
003 GCL
008 140319s9999 xx 000 0 ara d
040 _aGCL /
_cGCL
082 0 4 _aق
_b962.064
_bم م
100 1 _aمحمد حسنين هيكل
245 1 0 _aمعركة السويس : ثلاثون عاما /
_cمحمد حسنين هيكل
300 _a365 ص
490 _a
650 0 4 _aالسويس
650 0 4 _aحرب يونيو 1967 - مصر
650 0 4 _aحرب اكتوبر 1973
650 0 4 _aمصر - تاريخ - العصر الحديث (1805 - 1956 )
942 _2ddc
_cBK
999 _c40253
_d40253